| 000 | 00396nam a2200157 a 4500 | ||
|---|---|---|---|
| 005 | 20140414132134.0 | ||
| 008 | 131210s19uu xx 00 eng d | ||
| 020 | _a9781601692777 | ||
| 050 |
_aTR _bPri954 2010 |
||
| 100 | _aGayados, Nora | ||
| 245 | _aPrince of the Polly. | ||
| 260 |
_aWashington, USA : _bInnovative Kids, _cc2010. |
||
| 300 | _a24 | ||
| 650 | _aReadiness- | ||
| 999 |
_c115293 _d115293 |
||